Hydrology (Record no. 4952)

000 -LEADER
fixed length control field 00585nam a2200205 4500
001 - CONTROL NUMBER
control field 4952
003 - CONTROL NUMBER IDENTIFIER
control field BD-DhUET
008 - FIXED-LENGTH DATA ELEMENTS--GENERAL INFORMATION
fixed length control field 790911s1979 enkaf b 001 0 eng
020 ## - INTERNATIONAL STANDARD BOOK NUMBER
International Standard Book Number 0080242618
040 ## - CATALOGING SOURCE
Original cataloging agency DLC
Transcribing agency DLC
Modifying agency BD-DhUET
082 00 - DEWEY DECIMAL CLASSIFICATION NUMBER
Classification number 551.49
Item number RAU/1979
100 1# - MAIN ENTRY--PERSONAL NAME
Personal name Raudkivi, A. J.
245 10 - TITLE STATEMENT
Title Hydrology
Remainder of title an advanced introduction to hydrological processes and modelling
Statement of responsibility, etc. by Arved J. Raudkivi
250 ## - EDITION STATEMENT
Edition statement 1st ed.
260 ## - PUBLICATION, DISTRIBUTION, ETC. (IMPRINT)
Place of publication, distribution, etc. New York
Name of publisher, distributor, etc. Pergamon Press
Date of publication, distribution, etc. 1979
300 ## - PHYSICAL DESCRIPTION
Extent ix,479p.
Other physical details ill.
Dimensions 26 cm.
504 ## - BIBLIOGRAPHY, ETC. NOTE
Bibliography, etc Includes bibliographies
650 #0 - SUBJECT ADDED ENTRY--TOPICAL TERM
Topical term or geographic name as entry element Hydrology
942 ## - ADDED ENTRY ELEMENTS (KOHA)
Koha item type General Book
Holdings
Source of classification or shelving scheme Lost status Koha normalized classification for sorting Shelving location Koha item type Damaged status Withdrawn status Location (home branch) Koha full call number Date acquired Price effective from Sublocation or collection (holding branch) Koha date last seen Not for loan Piece designation (barcode) Copy number
  551_490000000000000_RAU_1979Circulation sectionGeneral Book  Central Library, BUET551.49/RAU/19792014-11-232014-11-23Central Library, BUET2014-11-23 585411
  551_490000000000000_RAU_1979Circulation sectionGeneral Book  Central Library, BUET551.49/RAU/19792014-11-232014-11-23Central Library, BUET2014-11-23 585472
  551_490000000000000_RAU_1979Circulation sectionGeneral Book  Central Library, BUET551.49/RAU/19792014-11-232014-11-23Central Library, BUET2014-11-23 585443
  551_490000000000000_RAU_1979Circulation sectionGeneral Book  Central Library, BUET551.49/RAU/19792014-11-232014-11-23Central Library, BUET2014-11-23 585504
  551_490000000000000_RAU_1979Circulation sectionGeneral Book  Central Library, BUET551.49/RAU/19792014-11-232014-11-23Central Library, BUET2014-11-23 585455
  551_000000000000000_49RAU1979Circulation sectionGeneral Book  Central Library, BUET551.49/RAU/19792014-11-232014-11-23Central Library, BUET2014-11-23 585496
  551_490000000000000_RAU_1979Circulation sectionGeneral Book  Central Library, BUET551.49/RAU/19792014-11-232014-11-23Central Library, BUET2014-11-23 585407
  551_490000000000000_RAU_1979Circulation sectionGeneral Book  Central Library, BUET551.49/RAU/19792014-11-232014-11-23Central Library, BUET2014-11-23 516548
  551_490000000000000_RAU_1979Circulation sectionGeneral Book  Central Library, BUET551.49/RAU/19792014-11-232014-11-23Central Library, BUET2014-11-23 585469